| 000 | 00499nam a2200205Ia 4500 | ||
|---|---|---|---|
| 005 | 20230206130541.0 | ||
| 008 | 131103s9999 xx 000 0 und d | ||
| 040 | _aLoreto College | ||
| 041 | _aEnglish | ||
| 082 |
_a824.8 _bMAC-MOR |
||
| 100 | _aMorison, j Cotter | ||
| 245 |
_aMacaulay _cJ Cotter Morison |
||
| 260 |
_aLondon _bMacmillan _c1896 |
||
| 300 | _a186p. | ||
| 440 | _aEnglish men of letters | ||
| 650 | _aMacaulay | ||
| 651 | _aenglish essays | ||
| 850 | _aLCLIB | ||
| 942 | _cBK | ||
| 999 |
_c22526 _d73005 |
||